| 000 | 01135nam2a2200241 4500 | ||
|---|---|---|---|
| 001 | RU\NLR\BIBL_A\011103608 | ||
| 005 | 20250625204439.0 | ||
| 010 |
_a978-5-906749-18-5 _95000 |
||
| 021 |
_aRU _b2016-24797 _91575 |
||
| 035 | _a(NLR Aleph) 011103608 | ||
| 090 |
_a11433932 _c11433932 |
||
| 100 | _a20160418d2016 |||y0rusy50 ca | ||
| 101 | 1 |
_arus _ceng |
|
| 102 | _aRU | ||
| 105 | _aa|||z|||000zy | ||
| 200 | 1 |
_aВторое кольцо силы _aДар Орла _f[пер. с англ.: И. Старых] |
|
| 210 |
_d2016 _aБ. м. |
||
| 215 |
_a541 с. _cил. |
||
| 461 | 0 |
_1001RU\NLR\BIBL_A\011003696 _12001#$aКарлос Кастанеда$e[сборник$fпер. с англ.: М. Добровольский, А. Сидерский$gил.: В. Ерко]$v[3] _1700#1$aКастанеда$bК.$f1931-1998$gКарлос$3RU\NLR\AUTH\774816 _910980994 _aКастанеда, К. (1931-1998) _cМосква _d2016 _fпер. с англ.: М. Добровольский, А. Сидерский _nСофия _o[сборник _tКарлос Кастанеда _v[3] |
|
| 942 | _cBOOK | ||
| 980 | _aNB | ||